Alejandro II: el zar libertador

I tiakina i:
Ngā taipitopito rārangi puna kōrero
Kaituhi matua: Troyat, Henri (Author)
Hōputu: Pukapuka
Reo:Pāniora
I whakaputaina: Buenos Aires Emecé 1992
Ngā marau:
Ngā Tūtohu: Tāpirihia he Tūtohu
Kāore He Tūtohu, Me noho koe te mea tuatahi ki te tūtohu i tēnei pūkete!

MARC

LEADER 00000nam a2200000 a 4500
001 UCN7276
003 CL-VaPUC
008 011012e19920000AG |||||||||||||||||spa|d
082 0 4 |a 923.1  |b TRO  |2 21 
100 0 |a Troyat, Henri  |e author  |9 463156 
245 1 0 |a Alejandro II: el zar libertador 
300 |a 251 p 
942 |c BK 
945 |d 20011012 00:00:00  |a crobeson 
260 |a Buenos Aires  |b Emecé  |c 1992 
600 0 7 |a ALEJANDRO II  |2 CL-VaPUC  |9 445053 
650 0 |a Zares  |v Biografías  |9 463157 
650 7 |a HISTORIA DE RUSIA - 1855-1881  |2 CL-VaPUC  |9 463158 
583 |a last modification  |c 20011012 00:00:00  |k Rodrigo Vera 
999 |c 297676  |d 297674 
952 |0 0  |1 0  |4 0  |6 923_100000000000000_TRO_1992  |7 0  |8 A  |9 352603  |a BIBHIS  |b BIBHIS  |d 2019-11-21  |i 3733602  |o 923.1 TRO 1992  |p 3733602  |r 2025-01-20  |w 2019-11-21  |y BK  |k HIS